000 00789nam a22001937a 4500
999 _c371635
_d371635
008 201127b ||||| |||| 00| 0 eng d
040 _aDE-2950
_bger
_cDE-2950
_erda
041 _ager
245 _aPatrick Hilbrenner und das Betriebsklima am Klinikum.
_bKrankenhaus: Der Geschäftsführer zieht nach einem Jahr eine positive Zwischenbilanz. Seine Wahrnehmung deckt sich allerdings nicht mit der vieler Mitarbeiter /
_cInes Weber-Rath
264 _c2022
653 _aFrankfurt (Oder)
653 _aKlinikum
653 _aBetriebsklima
773 _dFrankfurt (Oder) Märkisches Verlags- und Druckhaus GmbH & Co KG
_tMärkische Oderzeitung
_g33. Jahrgang (2022) Nr. 118 vom 21./22.05.2022, S. 17
942 _cA